| 000 | 00896nam a2200217 a 4500 | ||
|---|---|---|---|
| 001 | 000417651 | ||
| 003 | AM-YeHGA | ||
| 005 | 20250617153514.0 | ||
| 008 | 050330s1979 ||||||||||||||||||||rus d | ||
| 040 | _aAM-YeHGA | ||
| 041 | 0 | _arus | |
| 100 | 1 | _aАндреев, Юрий Александрович | |
| 245 | 1 | 0 |
_aПреобразователи тока для измерений без разрыва цепи / _cЮ.А. Андреев, Г.В. Абрамзон. |
| 260 |
_aЛенинград : _bЭнергия. Ленингр. отд-ние, _c1979. |
||
| 300 |
_a144 с. _bил. |
||
| 504 | _aСписок лит. с. 142 | ||
| 650 | 1 | 4 | _aПриборы для измерения силы тока и количества электричества |
| 650 | 1 | 4 | _aДатчики (автоматика) |
| 700 | 1 | _aАбрамзон, Герман Вульфович | |
| 090 | _c394997 | ||
| 999 |
_c392974 _d392974 |
||